[Event "SRB-chT (Women) Div1"]
[Site "Senta"]
[Date "2023.10.20"]
[Round "11.3"]
[White "Ostojic, Katarina"]
[Black "Hristodoulaki, Antonia"]
[Result "1/2-1/2"]
[WhiteElo "2032"]
[BlackElo "2107"]
[PlyCount "75"]
[EventDate "2023.10.10"]
[EventType "team-tourn"]
[EventRounds "11"]
[EventCountry "SRB"]
[SourceTitle "Mega2024 Update 01"]
[Source "Chessbase"]
[SourceDate "2023.11.12"]
[SourceVersion "1"]
[SourceVersionDate "2023.11.12"]
[SourceQuality "1"]
[WhiteTeam "Lucani Mladost (W)"]
[BlackTeam "Nis Osnovac (W)"]
[WhiteTeamCountry "SRB"]
[BlackTeamCountry "SRB"]

1. e4 c5 2. d4 cxd4 3. Qxd4 Nc6 4. Qd3 Nf6 5. Nc3 e6 6. Bf4 a6 7. 0-0-0 b5 8. Kb1 Bc5 9. f3 Qb6 10. Nge2 d5 11. exd5 Nb4 12. Qd2 Nbxd5 13. Nxd5 Nxd5 14. Nc3 Bb7 15. Bd3 Rd8 16. Nxd5 Bxd5 17. Qe2 0-0 18. Be4 Bc4 19. Bd3 Bxd3 20. Rxd3 Rxd3 21. Qxd3 Rd8 22. Qe2 Bg1 23. Qe1 Bf2 24. Qe2 f6 25. Rf1 Bc5 26. Rd1 Kf7 27. Rd3 e5 28. Bg3 Rxd3 29. Qxd3 Qd6 30. Qe2 Qd4 31. a3 Qe3 32. Qd1 Qg1 33. Qxg1 Bxg1 34. b3 Ke6 35. c4 f5 36. h3 bxc4 37. bxc4 Bd4 38. Kc2 1/2-1/2

[Event "SRB-chT (Women) Div1"]
[Site "Senta"]
[Date "2023.10.10"]
[Round "1.3"]
[White "Vujcic, Milena"]
[Black "Ostojic, Katarina"]
[Result "1-0"]
[WhiteElo "2104"]
[BlackElo "2032"]
[PlyCount "73"]
[EventDate "2023.10.10"]
[EventType "team-tourn"]
[EventRounds "11"]
[EventCountry "SRB"]
[SourceTitle "Mega2024 Update 01"]
[Source "Chessbase"]
[SourceDate "2023.11.12"]
[SourceVersion "1"]
[SourceVersionDate "2023.11.12"]
[SourceQuality "1"]
[WhiteTeam "Goracici Jelica (W)"]
[BlackTeam "Lucani Mladost (W)"]
[WhiteTeamCountry "SRB"]
[BlackTeamCountry "SRB"]

1. e4 c6 2. d4 d5 3. e5 a6 4. c3 g6 5. h4 h5 6. Bd3 Nh6 7. Nh3 Bxh3 8. Rxh3 e6 9. Bxh6 Rxh6 10. Nd2 Be7 11. Qc1 Rh8 12. Nf3 Nd7 13. Qf4 Qb6 14. 0-0-0 Rf8 15. Ng5 Bxg5 16. hxg5 0-0-0 17. g4 hxg4 18. Rh7 c5 19. Kb1 Qc7 20. Qxg4 Rde8 21. Rg7 Kb8 22. Rh1 Rh8 23. Rhh7 Rxh7 24. Rxh7 cxd4 25. cxd4 Rc8 26. Qd1 Nb6 27. Bxg6 Nc4 28. Bc2 Qb6 29. Bb3 Qb4 30. a3 Nd2+ 31. Ka2 Qxd4 32. Rxf7 b5 33. g6 Nxb3 34. Qxb3 Qe4 35. Qb4 Qxe5 36. Qe7 Rc7 37. Qxc7+ 1-0

[Event "Belgrade Serbia op"]
[Site "Belgrade"]
[Date "2023.07.20"]
[Round "5"]
[White "Ostojic, Katarina"]
[Black "Babakekhyan, Artem"]
[Result "0-1"]
[WhiteElo "2009"]
[BlackElo "2264"]
[PlyCount "132"]
[EventDate "2023.07.16"]
[EventType "swiss"]
[EventRounds "9"]
[EventCountry "SRB"]
[SourceTitle "CBM 215 Extra"]
[Source "ChessBase"]
[SourceDate "2023.09.30"]
[SourceVersion "1"]
[SourceVersionDate "2023.09.30"]
[SourceQuality "1"]

1. e4 c6 2. d4 d5 3. Nc3 dxe4 4. Nxe4 Nf6 5. Nxf6+ exf6 6. c3 Bd6 7. Bd3 0-0 8. Qc2 Re8+ 9. Ne2 h5 10. h3 h4 11. Bd2 Nd7 12. 0-0 Nf8 13. Rae1 g6 14. f4 f5 15. c4 Nh7 16. Nc3 Nf6 17. Rxe8+ Qxe8 18. Qd1 Nh5 19. Qf3 Qd8 20. Qf2 Be6 21. Ne2 Be7 22. Bc3 Qb6 23. Rd1 a5 24. Qf3 a4 25. Kh2 Rd8 26. Rb1 Bf6 27. b3 axb3 28. axb3 Bg7 29. Qf2 Ng3 30. Nxg3 hxg3+ 31. Qxg3 Bxd4 32. Bxd4 Rxd4 33. Re1 Kg7 34. Qe3 Qd8 35. Bc2 Qd6 36. g3 b5 37. cxb5 cxb5 38. h4 Qc5 39. Re2 Rd5 40. Qxc5 Rxc5 41. b4 Rc3 42. Bd1 Rc1 43. Rd2 Rb1 44. Rd4 Bc4 45. Kh3 Rxb4 46. Be2 Ra4 47. Bxc4 Rxc4 48. Rd5 b4 49. Rb5 Kf6 50. h5 gxh5 51. Rb6+ Ke7 52. Kh4 Kd7 53. Kxh5 Kc7 54. Rb5 Kc6 55. Rb8 Kc5 56. Rb7 Kd4 57. Rxf7 b3 58. Rb7 Kc3 59. Rxb3+ Kxb3 60. Kg5 Rc5 61. g4 fxg4+ 62. Kxg4 Kc4 63. f5 Kd5 64. Kg5 Ke5 65. f6 Ke6+ 66. Kg6 Rf5 0-1

[Event "SRB-ch sf (Women)"]
[Site "Novi Banovci"]
[Date "2023.02.09"]
[Round "4"]
[White "Vujovic, Vera"]
[Black "Ostojic, Katarina"]
[Result "1/2-1/2"]
[WhiteElo "1899"]
[BlackElo "1992"]
[PlyCount "112"]
[EventDate "2023.02.06"]
[EventType "swiss"]
[EventRounds "7"]
[EventCountry "SRB"]
[SourceTitle "CBM 212 Extra"]
[Source "ChessBase"]
[SourceDate "2023.03.31"]
[SourceVersion "1"]
[SourceVersionDate "2023.03.31"]
[SourceQuality "1"]

1. e4 c6 2. d4 d5 3. Nc3 a6 4. Nf3 g6 5. g3 Bg7 6. e5 Bg4 7. Bg2 e6 8. h3 Bxf3 9. Bxf3 c5 10. Be3 cxd4 11. Bxd4 Nc6 12. 0-0 Bxe5 13. Bxe5 Nxe5 14. Bxd5 Qc7 15. Bg2 Ne7 16. Ne4 Rd8 17. Qc1 0-0 18. Qh6 f6 19. Rad1 Nf5 20. Qf4 Rc8 21. g4 g5 22. Qh2 Nh4 23. f4 Nxg2 24. Qxg2 Nc4 25. Rf3 gxf4 26. g5 Ne3 27. Rxe3 fxe3 28. Nxf6+ Rxf6 29. gxf6+ Kh8 30. Rd4 Rg8 31. Rg4 Rd8 32. Qe2 Rd2 33. f7 Qxf7 34. Qxe3 Rd1+ 35. Kh2 Qc7+ 36. Qf4 Qxf4+ 37. Rxf4 Rd2+ 38. Kg3 Rxc2 39. Rb4 Rc7 40. Kf4 Kg7 41. Ke5 Kf7 42. Rb6 Rc5+ 43. Kd6 Rb5 44. Rxb5 axb5 45. Kc5 Kf6 46. Kxb5 Kf5 47. Kc4 Kf4 48. Kd3 Kg3 49. a4 Kf3 50. Kd4 Kf4 51. b4 e5+ 52. Kd3 Kf3 53. Kd2 Kf2 54. Kd3 Kf3 55. Kd2 Kf2 56. Kd3 Kf3 1/2-1/2

[Event "Belgrade-chT2 Quality"]
[Site "Belgrade"]
[Date "2022.10.16"]
[Round "2.1"]
[White "Savic, Nemanja"]
[Black "Ostojic, Katarina"]
[Result "1/2-1/2"]
[WhiteElo "2173"]
[BlackElo "2001"]
[PlyCount "50"]
[EventDate "2022.10.15"]
[EventType "team-tourn"]
[EventRounds "13"]
[EventCountry "SRB"]
[SourceTitle "EXT 2024"]
[Source "ChessBase"]
[SourceDate "2023.10.10"]
[SourceVersion "1"]
[SourceVersionDate "2023.10.10"]
[SourceQuality "1"]
[WhiteTeam "Batajnica"]
[BlackTeam "Novi Belgrade Technicka"]
[WhiteTeamCountry "SRB"]
[BlackTeamCountry "SRB"]

1. e4 c5 2. f4 d5 3. Bb5+ Nd7 4. exd5 Ngf6 5. c4 g6 6. d3 Bg7 7. Nf3 0-0 8. Ba4 Nb6 9. Bc2 e6 10. dxe6 Bxe6 11. Nc3 a6 12. 0-0 Qd6 13. Be3 Rad8 14. Ne5 Nbd7 15. Nxd7 Rxd7 16. Ne4 Nxe4 17. dxe4 Bxb2 18. Qxd6 Rxd6 19. Bxc5 Bd4+ 20. Bxd4 Rxd4 21. c5 Rc4 22. Bb3 Rxe4 23. Rae1 Rxe1 24. Rxe1 Bxb3 25. axb3 Rc8 1/2-1/2

[Event "SRB-ch sf (Women)"]
[Site "Paracin"]
[Date "2022.03.19"]
[Round "3"]
[White "Ostojic, Katarina"]
[Black "Krstic, Natasa"]
[Result "1-0"]
[WhiteElo "2066"]
[BlackElo "1671"]
[PlyCount "75"]
[EventDate "2022.03.17"]
[EventType "swiss"]
[EventRounds "7"]
[EventCountry "SRB"]
[SourceTitle "EXT 2023"]
[Source "ChessBase"]
[SourceDate "2022.10.05"]
[SourceVersion "1"]
[SourceVersionDate "2022.10.05"]
[SourceQuality "1"]

1. d4 Nf6 2. Nf3 g6 3. e3 Bg7 4. b4 d6 5. Bb2 0-0 6. Be2 Nbd7 7. Nbd2 b6 8. 0-0 Bb7 9. b5 c5 10. bxc6 Bxc6 11. c4 Re8 12. d5 Bb7 13. Nd4 Nc5 14. h4 e5 15. dxe6 Nxe6 16. N2f3 d5 17. Nxe6 Rxe6 18. Nd4 Re8 19. h5 Rc8 20. hxg6 hxg6 21. Qa4 dxc4 22. Rfd1 Qc7 23. Rac1 a6 24. Rxc4 Qe5 25. Rb4 b5 26. Qa5 Bf8 27. Rb3 Qg5 28. Nf3 Qf5 29. Qb6 Rc2 30. Bd3 Be4 31. Bxc2 Bxc2 32. Nd4 Bc5 33. Nxf5 Bxb6 34. Nd6 Bxd1 35. Nxe8 Bxb3 36. Nxf6+ Kf8 37. axb3 Ke7 38. Nd5+ 1-0

[Event "SRB-ch sf (Women)"]
[Site "Paracin"]
[Date "2022.03.17"]
[Round "1"]
[White "Manakova, Maria"]
[Black "Ostojic, Katarina"]
[Result "1-0"]
[WhiteElo "2257"]
[BlackElo "2066"]
[PlyCount "67"]
[EventDate "2022.03.17"]
[EventType "swiss"]
[EventRounds "7"]
[EventCountry "SRB"]
[SourceTitle "EXT 2023"]
[Source "ChessBase"]
[SourceDate "2022.10.05"]
[SourceVersion "1"]
[SourceVersionDate "2022.10.05"]
[SourceQuality "1"]

1. e4 c5 2. Nf3 d6 3. d4 cxd4 4. Nxd4 Nf6 5. Nc3 a6 6. Be2 e5 7. Nb3 Be7 8. Be3 Be6 9. Nd5 Bxd5 10. exd5 0-0 11. c4 a5 12. 0-0 Na6 13. f4 exf4 14. Bxf4 Ne4 15. Bf3 Qb6+ 16. Qd4 Nec5 17. Kh1 Bf6 18. Qf2 a4 19. Nxc5 Nxc5 20. Rab1 Qa6 21. Qg3 Rad8 22. b4 axb3 23. axb3 Nd3 24. Be3 Be5 25. Qh4 g6 26. Qe4 Nb4 27. c5 Na2 28. Qc4 Qa7 29. b4 Qa3 30. Rb3 Qa4 31. Bd1 b5 32. Qh4 dxc5 33. Bxc5 Bd6 34. Rh3 1-0

[Event "SRB-chT (Women) Div1"]
[Site "Vrnjacka Banja"]
[Date "2021.09.11"]
[Round "6.3"]
[White "Djukic, Sandra"]
[Black "Ostojic, Katarina"]
[Result "0-1"]
[WhiteElo "2127"]
[BlackElo "2020"]
[PlyCount "62"]
[EventDate "2021.09.07"]
[EventType "tourn"]
[EventRounds "11"]
[EventCountry "SRB"]
[SourceTitle "CBM 204 Extra"]
[Source "ChessBase"]
[SourceDate "2021.11.30"]
[SourceVersion "1"]
[SourceVersionDate "2021.11.30"]
[SourceQuality "1"]
[WhiteTeam "Goracici Jelica (W)"]
[BlackTeam "Topola Karadorde (W)"]
[WhiteTeamCountry "SRB"]
[BlackTeamCountry "SRB"]

1. d4 f5 2. c4 d6 3. Nc3 Nf6 4. Nf3 g6 5. g3 Bg7 6. Bg2 0-0 7. Qc2 c6 8. Bg5 Nbd7 9. 0-0 Qc7 10. Rad1 e5 11. dxe5 dxe5 12. b4 Nb6 13. c5 Nbd5 14. Nxd5 Nxd5 15. e4 fxe4 16. Qxe4 Be6 17. Qh4 Rae8 18. a3 a5 19. Rfe1 axb4 20. axb4 Qf7 21. Rf1 Nc3 22. Rd6 Bc4 23. Be3 h6 24. Re1 Bd5 25. Nd2 Nb5 26. Bxd5 cxd5 27. Rb6 d4 28. Qe4 dxe3 29. Qxe3 Nd4 30. Rf1 e4 31. Rd6 Nf5 0-1

[Event "Titled Tuesday intern op 03rd Nov"]
[Site "Chess.com INT"]
[Date "2020.11.03"]
[Round "2"]
[White "Obregon, Carlos Andres"]
[Black "Ostojic, Katarina"]
[Result "1-0"]
[WhiteElo "2525"]
[BlackElo "2029"]
[PlyCount "59"]
[EventDate "2020.11.03"]
[EventType "swiss (blitz)"]
[EventRounds "11"]
[EventCountry "USA"]
[SourceTitle "CBM 199 Extra"]
[Source "ChessBase"]
[SourceDate "2021.01.31"]
[SourceVersion "1"]
[SourceVersionDate "2021.01.31"]
[SourceQuality "1"]

1. c4 f5 2. Nf3 d6 3. g3 Nf6 4. Bg2 g6 5. d4 Bg7 6. 0-0 0-0 7. Nc3 Qe8 8. Rb1 a5 9. a3 Nc6 10. b4 axb4 11. axb4 e5 12. dxe5 Nxe5 13. Nxe5 Qxe5 14. Nb5 Qe7 15. c5 dxc5 16. bxc5 Ne4 17. Bf4 c6 18. Nd6 Nc3 19. Qb3+ Kh8 20. Nxc8 Raxc8 21. Bd6 Qf6 22. Bxf8 Nxb1 23. Bxg7+ Qxg7 24. Rxb1 Rc7 25. Qe6 Qd4 26. e3 Qxc5 27. Qf6+ Kg8 28. Rd1 Rc8 29. Rd7 Qc1+ 30. Bf1 1-0

[Event "Titled Tuesday intern op 03rd Nov"]
[Site "Chess.com INT"]
[Date "2020.11.03"]
[Round "1"]
[White "Ostojic, Katarina"]
[Black "Jaracz, Pawel"]
[Result "0-1"]
[WhiteElo "2029"]
[BlackElo "2456"]
[PlyCount "76"]
[EventDate "2020.11.03"]
[EventType "swiss (blitz)"]
[EventRounds "11"]
[EventCountry "USA"]
[SourceTitle "CBM 199 Extra"]
[Source "ChessBase"]
[SourceDate "2021.01.31"]
[SourceVersion "1"]
[SourceVersionDate "2021.01.31"]
[SourceQuality "1"]

1. d4 Nf6 2. Nf3 g6 3. Bg5 Bg7 4. Nbd2 d6 5. c3 0-0 6. e4 Nc6 7. d5 Nb8 8. Be2 c6 9. c4 Nbd7 10. 0-0 Nc5 11. Qc2 a5 12. Rac1 h6 13. Bf4 Qb6 14. Be3 Ng4 15. Bf4 Qxb2 16. h3 Qxc2 17. Rxc2 Nf6 18. dxc6 bxc6 19. e5 Ne8 20. exd6 exd6 21. Nb3 Bf5 22. Rd2 Ne4 23. Rdd1 Nc3 24. Rd2 Nxe2+ 25. Rxe2 Bd3 26. Rfe1 Bxe2 27. Rxe2 c5 28. Rd2 a4 29. Nc1 Rb8 30. Nd3 g5 31. Bg3 f5 32. Re2 f4 33. Bh2 Rb1+ 34. Nfe1 Nf6 35. f3 Re8 36. Kf1 Rxe2 37. Kxe2 Ra1 38. g3 Rxa2+ 0-1

[Event "Titled Tuesday intern op 20th Oct"]
[Site "Chess.com INT"]
[Date "2020.10.20"]
[Round "1"]
[White "Mikhalevski, Victor"]
[Black "Ostojic, Katarina"]
[Result "1-0"]
[WhiteElo "2560"]
[BlackElo "2029"]
[PlyCount "73"]
[EventDate "2020.10.20"]
[EventType "swiss (blitz)"]
[EventRounds "11"]
[EventCountry "USA"]
[SourceTitle "EXT 2022"]
[Source "ChessBase"]
[SourceDate "2021.10.06"]
[SourceVersion "1"]
[SourceVersionDate "2021.10.06"]
[SourceQuality "1"]

1. d4 f5 2. Nf3 Nf6 3. b3 d6 4. Bb2 g6 5. e3 Bg7 6. Be2 0-0 7. 0-0 c6 8. Nbd2 Nbd7 9. a4 a5 10. Nc4 Qc7 11. Nfd2 Ne4 12. Nxe4 fxe4 13. d5 Nf6 14. dxc6 Qxc6 15. Qd2 Be6 16. Nxa5 Qc7 17. Nc4 Nd5 18. Bxg7 Kxg7 19. Qd4+ Nf6 20. Nb6 Rad8 21. c4 Bf7 22. a5 e5 23. Qb2 d5 24. cxd5 Nxd5 25. Rac1 Qd6 26. Rfd1 Qf6 27. Nxd5 Bxd5 28. Rc7+ Rf7 29. Rxf7+ Kxf7 30. Qc3 Kg8 31. Rxd5 Rxd5 32. Bc4 Qe6 33. Bxd5 Qxd5 34. Qc4 Qxc4 35. bxc4 Kf7 36. c5 Ke6 37. c6 1-0

[Event "Titled Tuesday intern op 20th Oct"]
[Site "Chess.com INT"]
[Date "2020.10.20"]
[Round "2"]
[White "Onischuk, Vladimir"]
[Black "Ostojic, Katarina"]
[Result "1-0"]
[WhiteElo "2633"]
[BlackElo "2029"]
[PlyCount "75"]
[EventDate "2020.10.20"]
[EventType "swiss (blitz)"]
[EventRounds "11"]
[EventCountry "USA"]
[SourceTitle "EXT 2022"]
[Source "ChessBase"]
[SourceDate "2021.10.06"]
[SourceVersion "1"]
[SourceVersionDate "2021.10.06"]
[SourceQuality "1"]

1. e4 c5 2. Nf3 d6 3. d4 cxd4 4. Nxd4 Nf6 5. Nc3 a6 6. a4 b6 7. Bc4 e6 8. 0-0 Be7 9. f4 0-0 10. Ba2 Bb7 11. f5 e5 12. Nde2 Nxe4 13. Nxe4 Bxe4 14. Ng3 Bb7 15. Qg4 Bf6 16. Nh5 Kh8 17. Nxf6 gxf6 18. Rf2 Rg8 19. Qh4 Nd7 20. Bc4 d5 21. Bf1 Rc8 22. Ra3 d4 23. Rh3 Rg7 24. Bh6 Qg8 25. Bxg7+ Qxg7 26. Rg3 Qf8 27. c3 dxc3 28. bxc3 e4 29. Rd2 Qc5+ 30. Rf2 e3 31. Re2 Qxc3 32. Rh3 Nf8 33. Qh6 Qe5 34. Rg3 Ng6 35. fxg6 fxg6 36. Rxg6 Qe7 37. Rxe3 Qf7 38. Rxf6 1-0

[Event "Titled Tuesday intern op 13th Oct"]
[Site "Chess.com INT"]
[Date "2020.10.13"]
[Round "4"]
[White "Ostojic, Katarina"]
[Black "Okhotnik, Vladimir"]
[Result "0-1"]
[WhiteElo "2029"]
[BlackElo "2350"]
[PlyCount "130"]
[EventDate "2020.10.13"]
[EventType "swiss (blitz)"]
[EventRounds "10"]
[EventCountry "USA"]
[SourceTitle "CBM 198 Extra"]
[Source "ChessBase"]
[SourceDate "2020.11.30"]
[SourceVersion "1"]
[SourceVersionDate "2020.11.30"]
[SourceQuality "1"]

1. d4 g6 2. e4 Bg7 3. Nc3 c6 4. f4 d5 5. e5 Qb6 6. Nf3 Bg4 7. Be2 Nh6 8. 0-0 Nf5 9. Na4 Qa5 10. c3 0-0 11. h3 Bxf3 12. Bxf3 e6 13. Bd2 Nd7 14. b4 Qd8 15. Nb2 f6 16. Qe1 fxe5 17. fxe5 Bh6 18. Bxh6 Nxh6 19. Nd3 Qg5 20. h4 Qe7 21. h5 Qg5 22. hxg6 hxg6 23. Qc1 Qh4 24. Be2 Rxf1+ 25. Qxf1 Rf8 26. Qe1 Qg5 27. Kh2 Kg7 28. Qg3 Qd2 29. Qe1 Qe3 30. Bf1 Qg5 31. Qg3 Ng4+ 32. Kg1 Qe3+ 33. Qxe3 Nxe3 34. Be2 a5 35. Rb1 axb4 36. Rxb4 b6 37. Ra4 Rf7 38. Ra7 Nxe5 39. Rxf7+ Nxf7 40. Nb4 c5 41. dxc5 bxc5 42. Na6 c4 43. Nc7 Kf6 44. a4 Nd8 45. a5 Nc6 46. a6 Na7 47. Kf2 Nf5 48. Bd1 Nd6 49. Ba4 Ne4+ 50. Ke3 Nxc3 51. Bd7 e5 52. Be8 d4+ 53. Kd2 e4 54. Bd7 e3+ 55. Ke1 d3 56. Bg4 d2+ 57. Kf1 d1Q+ 58. Bxd1 Nxd1 59. Ke2 Nc3+ 60. Kxe3 Ke5 61. g4 Nd5+ 62. Nxd5 Kxd5 63. Kf4 c3 64. Kg5 c2 65. Kxg6 c1Q 0-1

[Event "Titled Tuesday intern op 13th Oct"]
[Site "Chess.com INT"]
[Date "2020.10.13"]
[Round "2"]
[White "Ostojic, Katarina"]
[Black "Shkapenko, Pavel"]
[Result "0-1"]
[WhiteElo "2029"]
[BlackElo "2424"]
[PlyCount "56"]
[EventDate "2020.10.13"]
[EventType "swiss (blitz)"]
[EventRounds "10"]
[EventCountry "USA"]
[SourceTitle "CBM 198 Extra"]
[Source "ChessBase"]
[SourceDate "2020.11.30"]
[SourceVersion "1"]
[SourceVersionDate "2020.11.30"]
[SourceQuality "1"]

1. d4 Nf6 2. Nf3 e6 3. c4 Bb4+ 4. Bd2 Qe7 5. a3 Bxd2+ 6. Nbxd2 d6 7. e4 e5 8. d5 0-0 9. Be2 a5 10. 0-0 a4 11. b4 axb3 12. Qxb3 Na6 13. Ne1 Nc5 14. Qc2 Nfd7 15. Nd3 Nxd3 16. Bxd3 Nc5 17. f3 Bd7 18. Be2 Ra7 19. Qc3 f5 20. Qe3 b6 21. Nb3 Nxb3 22. Qxb3 Qg5 23. Qd3 Rf6 24. Kh1 Rh6 25. exf5 Bxf5 26. Qd1 Qg3 27. Kg1 Rxh2 28. Rf2 Qh4 0-1

[Event "Titled Tuesday intern op 13th Oct"]
[Site "Chess.com INT"]
[Date "2020.10.13"]
[Round "8"]
[White "Todev, Simeon"]
[Black "Ostojic, Katarina"]
[Result "0-1"]
[WhiteElo "2032"]
[BlackElo "2029"]
[PlyCount "52"]
[EventDate "2020.10.13"]
[EventType "swiss (blitz)"]
[EventRounds "10"]
[EventCountry "USA"]
[SourceTitle "CBM 198 Extra"]
[Source "ChessBase"]
[SourceDate "2020.11.30"]
[SourceVersion "1"]
[SourceVersionDate "2020.11.30"]
[SourceQuality "1"]

1. e4 c5 2. Nf3 d6 3. c3 Nf6 4. Bd3 Nc6 5. Bc2 g6 6. 0-0 Bg4 7. h3 Bxf3 8. Qxf3 Bg7 9. d3 0-0 10. Bf4 Rc8 11. Nd2 b5 12. a4 b4 13. Rfd1 Nd7 14. Nb1 Qa5 15. Bd2 Rb8 16. Qe3 b3 17. c4 Qc7 18. Bxb3 Rxb3 19. Bc3 Nd4 20. Nd2 Rxc3 21. bxc3 Nc2 22. Qe2 Nxa1 23. Rxa1 Bxc3 24. Rb1 Rb8 25. Rxb8+ Qxb8 26. f4 Qb2 0-1